000 00380nam a22001457a 4500
005 20250609150920.0
008 250609b |||||||| |||| 00| 0 eng d
020 _a0-671-74758-4
050 _aE 836.A8281990
100 _aAMBROSE STEPHEN E.
245 _aEISENHOWER:SOLDIER AND PRESIDENT
260 _aNEWYORK
_bSIMON AND SCHUSTER
_c1990
300 _aX,635
942 _2lcc
_cBK
999 _c215636
_d215636